ANATOMY AND PHYSIOLOGY OF YOGIC PRACTICES (Record no. 8599)

MARC details
000 -LEADER
fixed length control field 00421nam a22001697a 4500
005 - DATE AND TIME OF LATEST TRANSACTION
control field 20240902113600.0
008 - FIXED-LENGTH DATA ELEMENTS--GENERAL INFORMATION
fixed length control field 240831b |||||||| |||| 00| 0 eng d
020 ## - INTERNATIONAL STANDARD BOOK NUMBER
ISBN 978-81-7822-391-9
041 ## - LANGUAGE CODE
Language code of text/sound track or separate title eng
082 ## - DEWEY DECIMAL CLASSIFICATION NUMBER
Classification number 613.7046 GOR
100 ## - MAIN ENTRY--AUTHOR NAME
Personal name GORE, M.M
245 ## - TITLE STATEMENT
Title ANATOMY AND PHYSIOLOGY OF YOGIC PRACTICES
260 ## - PUBLICATION, DISTRIBUTION, ETC. (IMPRINT)
Place of publication NEW DELHI
Name of publisher NEW AGE BOOKS
Year of publication 2005
300 ## - PHYSICAL DESCRIPTION
Number of Pages 223;P
650 ## - SUBJECT ADDED ENTRY--TOPICAL TERM
Topical Term BPT
942 ## - ADDED ENTRY ELEMENTS (KOHA)
Koha item type Books
Holdings
Lost status Damaged status Collection code Home library Current library Shelving location Date acquired Source of acquisition Cost, normal purchase price Full call number Accession Number Koha item type
    PHYSIOTHERAPY JRU Library JRU Library Shelf - 24- B 30/08/2024 PURCHASE 665.00 613.7046 28340 Books